Geography General Knowledge 2 - Statistics

General Stats
  • This quiz has been taken 493 times
  • The average score is 5 of 12
Answer Stats
Hint Answer % Correct
Largest number of tanks Russia
95%
Producers of the worlds most oxygen Russia
93%
Most lakes in the world Canada
83%
Most people behind bars USA
81%
Most likey to disappear beneath the waves apart from Kiribati Maldives
29%
Covers the most time zones France
28%
Youngest population of any country Niger
25%
Least peaceful nation in the world Somalia
18%
Almost entirely covered by jungle Suriname
9%
Nation which is losing its population because of population decrease Ukraine
9%
Almost entirely treeless Haiti
5%
Most of its citizens live aboard Malta
3%
No matching quizzes found
Score Distribution
Percent of People with Each Score
Percentile by Number Answered
Your Score History
You have not taken this quiz